Statistiques concernant Filmographie de Joseph Mankiewicz

Cliquez ici pour prendre le quiz!

Statistiques générales

  • Ce quiz a été pris 9 fois
  • Le résultat moyen est 13 sur 21

Statistiques - réponses

HintRéponse% Correct
1963Cléopâtre (Cleopatra)
100%
1950Ève (All about Eve)
86%
1953Jules César (Julius Caesar)
86%
1947L'Aventure de madame Muir (The Ghost and Mrs. Muir)
86%
1972Le Limier (Sleuth)
86%
1954La Comtesse aux pieds nus (The Barefoot Contessa)
71%
1952L’Affaire Cicéron (Five Fingers)
71%
1946Le Château du dragon (Dragonwyck)
71%
1959Soudain l’été dernier (Suddenly Last Summer)
71%
1955Blanches colombes et vilains messieurs (Guys and Dolls)
57%
1949Chaînes conjugales (A Letter to Three Wives)
57%
1967Guêpier pour trois abeilles (The Honey Pot)
57%
1949La Maison des étrangers (House of Strangers)
57%
1950La porte s’ouvre (No Way Out)
57%
1946Quelque part dans la nuit (Somewhere in the Night)
57%
1958Un Américain bien tranquille (The Quiet American)
57%
1964A Carol for Another Christmas
43%
1970Le Reptile (There Was a Crooked Man)
43%
1948L'Évadé de Dartmoor (Escape)
43%
1951On murmure dans la ville (People Will Talk)
43%
1947Un mariage à Boston (The Late George Apley)
29%

Distribution des résultats

Percentile par nombre de réponses

% des personnes avec chaque résultat

Votre développement - résultats

Vous n’avez pas pris ce quiz